00561nam a2200193Ia 450000500170000001000130001702000320003002000380006203500130010003500170011303500130013003700250014308200080016810000210017624500580019726000390025527000520029430000210034620170803115945.0 aBAC-CH25 a9788129129246 c150.00 a9788129129246 c176.00 (AV) aG-003151 aB-557368-395 aB-667218 bAakar Books/Venadpl a000 aO'Brien, Derek  aThe best of bournvita quiz contest/cby Derek O'Brien aNew DelhibRupa Publicationsc2013 a7/16, Ansari Road, DaryaganjbNew Delhie110002 a135p.c19cm(pbk)